000 01032nam a2200289 i 4500
003 EG-GICUC
005 20260121101544.0
008 251228s2002 ua ||||fr|||| 00| 0 ara d
040 _a EG-GICUC
_bara
_c EG-GICUC
_d EG-GICUC
_erda
041 _aara
082 0 4 _221
_a343.6
_bف ت . ع
092 0 4 _221
099 _aLaw1 10 343.6 ف ت . ع 2002
100 0 _aفتوح عبدالله الشاذلى
_eمؤلف.
245 1 0 _aعلم الاجرام العام /
_cفتوح عبدالله الشاذلى.
264 1 _aالاسكندرية :
_bدار المطبوعات االجامعية،
_c2002.
300 _a231 صفحة ؛
_c24 سم.
336 _2rda content
_atext
337 _2rda media
_aComputer
338 _2rda carrier
_aOnline Resource
504 _aيحتوي على ارجاعات ببليوجرافية
546 _aالنص باللغة العربية
650 1 4 _aعلم الإجرام
856 4 0 _uhttps://fll.law.cu.edu.eg/fulltext/bks/B10-07335.pdf
905 _a75
942 _2ddc
_cBK
_e21
_n0
999 _c52889
_d52889